El alcohol y su abuso : (Record no. 180909)

MARC details
000 -CABECERA
campo de control de longitud fija 00669nam a2200205 a 4500
005 - FECHA Y HORA DE LA ÚLTIMA TRANSACCIÓN
campo de control 20210223132848.0
008 - ELEMENTOS DE LONGITUD FIJA--INFORMACIÓN GENERAL
campo de control de longitud fija 160308s1998 mx r 000 0 spa d
020 ## - NÚMERO INTERNACIONAL NORMALIZADO PARA LIBROS
Número Internacional Estándar del Libro 8479034750
035 ## - NÚMERO DE CONTROL DEL SISTEMA
Número de control de sistema UPN01000208808
049 ## - COLECCIÓN
Colección CG
050 #4 - SIGNATURA TOPOGRÁFICA DE LA BIBLIOTECA DEL CONGRESO
Número de clasificación HV5110 E5
Número de documento/Ítem A4.2
245 03 - MENCIÓN DE TÍTULO
Título El alcohol y su abuso :
Resto del título impacto socioeconómico /
Mención de responsabilidad, etc. Eduard Portella ... [et al.].
260 ## - PUBLICACIÓN, DISTRIBUCIÓN, ETC.
Lugar de publicación, distribución, etc. Madrid :
Nombre del editor, distribuidor, etc. Médica Panamericana,
Fecha de publicación, distribución, etc. 1998.
300 ## - DESCRIPCIÓN FÍSICA
Extensión 136 p. :
Otras características físicas gráfs., tablas
650 #4 - ASIENTO SECUNDARIO DE MATERIA - TERMINO TEMATICO
Término de materia o nombre geográfico como elemento de entrada ALCOHOLISMO -
Subdivisión general ASPECTOS ECONOMICOS -
Subdivisión geográfica ESPAÑA
9 (RLIN) 24822
650 #4 - ASIENTO SECUNDARIO DE MATERIA - TERMINO TEMATICO
Término de materia o nombre geográfico como elemento de entrada ALCOHOLISMO -
Subdivisión general ASPECTOS SOCIALES -
Subdivisión geográfica ESPAÑA
9 (RLIN) 24823
700 1# - ASIENTO SECUNDARIO--NOMBRE DE PERSONAL
Nombre de persona Portella, Eduard,
Término indicativo de función/relación coaut.
905 ## - TIPO DE MATERIAL
Tipo de material Libro
Holdings
Estado de retiro Estado de pérdida Fuente del sistema de clasificación o colocación Estado dañado No para préstamo Código de colección Localización permanente Ubicación/localización actual Ubicación en estantería Total de préstamos Clasificación Código de barras Fecha visto por última vez Número de copia Tipo de ítem Koha
    Library of Congress Classification     Colección General Bib. Gregorio Torres Quintero Bib. Gregorio Torres Quintero Planta baja 1 HV5110 E5 A4.2 309621 31/12/2020 1 Libro